000
00467nam a2200157Ia 4500
008
090711s9999 xx 000 0 und d
082
_b
1189
100
_a
राजपूत रघुवीरसिंह
245
_a
इज्जत
260
_c
1998
600
_a
राजपूत रघुवीरसिंह
630
_a
इज्जत
700
_a
राजपूत रघुवीरसिंह
730
_a
इज्जत
942
_c
BOOK
999
_c
334047
_d
334047